| 000 | 00499nam a2200193 a 4500 | ||
|---|---|---|---|
| 001 | 1617 | ||
| 003 | CDMR | ||
| 005 | 20130320132232.0 | ||
| 008 | 130130s2004||||||||||||||||||||||||||||d | ||
| 020 | _a8495616602 | ||
| 040 |
_aCDMR _bcat _cCDMR |
||
| 100 | 1 |
_aDoria, Sergi _91216 |
|
| 245 | 1 | 0 |
_aImatges 1930 _b: barcelonins i moderns |
| 260 |
_aBarcelona _bAjuntament de Barcelona |
||
| 260 | _bDiputació de Barcelona | ||
| 260 |
_c2004 _b La Campana |
||
| 490 | 0 |
_aLa Campana _v242 |
|
| 942 |
_cMON _2udc |
||
| 999 |
_c1617 _d1617 |
||